000 00593 a2200169 4500
020 _a9780199563081
020 _a9780199563081
082 _a514.32
090 _c1546
_d1546
100 1 _aSutherland, Wilson A.
245 1 0 _aIntroduction to metric and topological spaces /
_cWilson A Sutherland.
250 _a2nd ed.
260 _a[S.l.] :
_bOxford University Press, USA,
_c2009.
300 _a224 p. ;
_c24 cm.
942 _aSNS
_cBK
_k514.32 SUT
999 _c30157
_d30157